| 000 | 00977cam a22003017a 4500 | ||
|---|---|---|---|
| 003 | CHAP | ||
| 005 | 20220329134001.0 | ||
| 008 | 971013s r 00010 d | ||
| 010 | _a13606 | ||
| 011 | _a14578 | ||
| 035 | _a18652 | ||
| 040 | _cCHAP | ||
| 082 |
_a338.0183 _bH45Y |
||
| 100 | 0 | 0 |
_aHenderson, W. O. _953549 |
| 245 | 1 | 3 |
_aLa revolución industrial en el continente _b: Alemania, Francia, Rusia, 1800-1914 |
| 260 |
_aWashington : _bInstitoto de Desarrollo Económico, _c(s.a.) |
||
| 300 |
_a264 p. _b: mapas. |
||
| 590 |
_aBATCH-UPD _b10 _c20130110 _lUCH01 _h1600 |
||
| 590 |
_aBATCH-UPD _b10 _c20130410 _lUCH01 _h0958 |
||
| 590 |
_aBATCH-UPD _b10 _c20130914 _lUCH01 _h1633 |
||
| 590 |
_aCONVERSION _b10 _c20130109 _lUCH01 _h1309 |
||
| 650 | 1 | 4 |
_aIndustria _xEuropa. _957738 |
| 650 | 1 | 4 |
_aIndustria _xHistoria. _957742 |
| 650 | 1 | 4 |
_aIndustrialización. _957923 |
| 901 | _aBK | ||
| 942 | _cLIBRO | ||
| 949 |
_a338.0183 H45Y _bBC _cLIBRO _d33724000352548 _eLIBRO _i18652 _mD _si |
||
| 999 |
_c13606 _d13606 |
||